| 000 | 01246cam a22003853a 4500 | ||
|---|---|---|---|
| 001 | 0000714 | ||
| 003 | DO-SdBNP | ||
| 005 | 20171110113745.0 | ||
| 007 | 0000714 | ||
| 008 | 861112 2009 sp ac 000 0 spa d | ||
| 010 | _a | ||
| 020 | _a843443718x | ||
| 040 |
_aBPMSU _cspa _dBPMSU _d |
||
| 082 | 4 |
_a617.6 _bB298m, 2009 |
|
| 100 | 1 | _aBascones Martínez, Antonio | |
| 245 | 1 | 0 |
_aMedicina bucal / _cAntonio Bascones Martínez ; prólogo de Isaac van der Waal |
| 250 | _a3a. ed. | ||
| 260 |
_aBarcelona : _bLexus, _c2009. |
||
| 300 |
_a717 p. : _bil., retrato _c28 cm. |
||
| 490 | 0 | _aEdiciones avances | |
| 500 | _aIncluye índice temático. | ||
| 500 | _aIncluye glosario. | ||
| 504 | _aBibliografía | ||
| 505 | 2 |
_tPatología de la mucosa bucal -- _tPatología de los maxilares -- _tPatología de las glándulas salivales -- _tEnfermedades sistemáticas de repercusión bucal -- |
|
| 600 |
_a _x |
||
| 650 | 4 | _aODONTOLOGÍA | |
| 650 | 4 |
_aMUCOSA BUCAL _xENFERMEDADES |
|
| 650 | 4 | _aENFERMEDADES DE LA BOCA | |
| 700 | 1 | 2 |
_aWaal, Isaac van der _epról. |
| 830 | 0 | _aEdiciones avances | |
| 910 | _aValidado. Control de calidad MFF | ||
| 942 |
_2ddc _cBK |
||
| 945 | _aInventariado, 2017/MFF | ||
| 956 |
_2YLOCKWARD _310 _8BPMSU |
||
| 999 |
_c11537 _d11537 |
||